Music Quiz

Random Music or Bands Quiz
Score 0/30 Timer 03:00
3 Plays Today
% Correct
Kurt Cobain
88.4%
Eric Clapton
85.1%
Slash
84.4%
Chuck Berry
82.5%
Jimmy Page
77.1%
Keith Richards
76.6%
Brian May
74.9%
The Edge
74.1%
Eddie Van Halen
73%
Jack White
72.2%
Pete Townshend
71.2%
Billie Joe Armstrong
67%
Joe Perry
66.4%
David Gilmour
65.3%
Mark Knopfler
64.9%
% Correct
Joe Walsh
57.5%
John Fogerty
56.9%
John Frusciante
53.8%
Jimi Hendrix
51.7%
Randy Rhoads
50.4%
Ritchie Blackmore
48.3%
B.B King
45.3%
Dave Davies
43.5%
Robby Krieger
41.7%
Peter Buck
30.6%
Jonny Greenwood
28.5%
Steve Jones
23.1%
Mick Ronson
22.9%
Scotty Moore
17%
Mike Bloomfield
15.7%
Remove Ads.
Support Sporcle.
Get the best of Sporcle when you Go Orange. This ad-free experience offers more features, more stats, and more fun while also helping to support Sporcle. Thank you for becoming a member.

You're not logged in!

Compare scores with friends on all Sporcle quizzes.
OR
Log In

Sporcle TV

Today on Sporcle TV


Watch our educational content, quiz creation guides, and fun videos on Sporcle TV.

Show Comments

Extras

Top Quizzes Today


Score Distribution

Paid Content

Your Account Isn't Verified!

In order to create a playlist on Sporcle, you need to verify the email address you used during registration. Go to your Sporcle Settings to finish the process.

Report this User

Report this user for behavior that violates our Community Guidelines.

Details: